50 Movies by Characters - Statistics

General Stats
  • This quiz has been taken 62 times
  • The average score is 14 of 50
Answer Stats
Hint Answer % Correct
William Wallace, King Edward I, Robert the Bruce Braveheart
81%
Jenny Curran, Benjamin Buford "Bubba" Blue, Lieutenant Dan Forrest Gump
71%
Clarice Starling, Buffalo Bill, Dr. Hannibal Lecter The Silence of the Lambs
71%
The Dude, Jackie Treehorn, Walter Sobchak The Big Lebowski
69%
Doc, Dopey, Grumpy Snow White and the Seven Dwarfs
64%
David Bowman, Dr. Frank Poole, HAL 9000 2001: A Space Odyssey
57%
Ethan Hunt, Jim Phelps, Luther Stickell Mission: Impossible
57%
Paul Allen, Donald Kimball, Patrick Bateman American Psycho
55%
Rachel Dawes, Ra's al Ghul, William Earle Batman Begins
55%
Juror #8, Juror #3, Juror #1 12 Angry Men
48%
Dr. Peter Venkman, Louis Tully, Dr. Janosz Poha Ghostbusters II
48%
Max Rockatansky, Imperator Furiosa, Immortan Joe Mad Max: Fury Road
47%
Henry Jones Sr., Elsa Schneider, Marcus Brody Indiana Jones and the Last Crusade
41%
Rick Blaine, Ilsa Lund, Victor Laszlo Casablanca
38%
Trevor Slattery, Aldrich Killian, James Rhodes Iron Man 3
38%
O-Ren Ishii, Gogo Yubari, Bill Kill Bill: Volume 1
38%
Lydia Deetz, Barbara Maitland, Otho Beetlejuice
33%
Jay Baruchel, Seth Rogen, James Franco This Is the End
29%
Sam Wilson, Samuel Sterns, Thaddeus Ross Captain America: Brave New World
28%
Count Orlok, Ellen Hutter, Abraham van Helsing Nosferatu
28%
Phil, Alan, Stu The Hangover
28%
Stanley Ipkiss, Tina Carlyle, Dorian Tyrell The Mask
28%
Tallahassee, Columbus, Wichita Zombieland
26%
Lieutenant Dunbar, Stands With A Fist, Kicking Bird Dances with Wolves
22%
Andi Brand, Miles Bron, Benoit Blanc Glass Onion
22%
William Costigan Jr., Colin Sullivan, Frank Costello The Departed
22%
Cooper, Murph, Mann Interstellar
17%
Johnny Rico, Dizzy Flores, Captain Carmen Ibanez Starship Troopers
17%
Dutch, Dillon, Blain Predator
16%
Max Zorin, Q, May Day A View to a Kill
14%
Barry B. Benson, Vanessa Bloome, Ken Bee Movie
14%
General Veers, Admiral Ozzel, Lobot Star Wars: Episode V - The Empire Strikes Back
14%
Brennan Huff, Dale Doback, Derek Huff Step Brothers
14%
Cobra Bubbles, Pleakley, Captain Gantu Lilo & Stitch
12%
Matthew Quigley, Elliott Marston, Crazy Cora Quigley Down Under
12%
Basil, Dawson, Professor Ratigan The Great Mouse Detective
12%
Captain Jack Aubrey, Stephen Maturin, William Blakeney Master and Commander: The Far Side of the World
10%
Michael Bolton, Peter Gibbons, Milton Waddams Office Space
10%
Del Griffith, Neal Page, Susan Page Planes, Trains and Automobiles
10%
Ash Williams, Lord Arthur, Sheila Army of Darkness
9%
Jason Voorhees, Kay-Em, Dr. Wimmer Jason X
9%
Detective Loki, Keller Dover, Alex Jones Prisoners
9%
William Munny, Little Bill Daggett, English Bob Unforgiven
9%
Lenny Feder, Eric Lamonsoff, Marcus Higgins Grown Ups
7%
Count Laszlo de Alamásy, Hana, David Caravaggio The English Patient
7%
Lily Houghton, Frank Wolff, Prince Joachim Jungle Cruise
5%
Cliff Secord, Neville Sinclair, Eddie Valentine The Rocketeer
5%
Lee Harker, Agent Carter, Dale Ferdinand Kobble Longlegs
3%
Thomas Howard, Thomas Wake, Ephraim Winslow The Lighthouse
3%
Amy Winehouse, Juno, Hannah Montana Disaster Movie
2%
No matching quizzes found
Score Distribution
Percent of People with Each Score
Percentile by Number Answered
Your Score History
You have not taken this quiz